000
00284nam a22001337a 4500
003
SGT
082
_a
614.1
_b
T18C
100
_a
CHAUHAN, HARSH
245
_a
THE STUDY OF NECK STRUCTURES BY
260
_a
SGTU
_c
2018
300
_a
70
650
_a
FORENSIC MEDICINE
942
_2
ddc
_c
TH
999
_c
20560
_d
20560